|
|
|
|
| LEADER |
00000nab a2200000uu 4500 |
| 001 |
vtls011452901 |
| 003 |
SK-MaSNL |
| 005 |
20260303113325.0 |
| 008 |
230121|1962 xo |||||||||||||||||cze| |
| 015 |
|
|
|a SNBRB
|
| 035 |
|
|
|a (urnnbn)urn:nbn:sk:snk:ar-007y8d
|
| 035 |
|
|
|a (uuid)0f4ccd12-e678-44bb-823f-dbc2aac9fbb5
|
| 035 |
|
|
|a urn:nbn:sk:snk-abcoj0
|
| 040 |
|
|
|a SNKBUCL
|b slo
|c SNKBUCL
|e AACR2
|
| 041 |
0 |
|
|a cze
|
| 044 |
|
|
|a xo
|c SK
|
| 100 |
1 |
|
|a Caletková, J.
|4 aut
|9 1126914
|
| 245 |
1 |
0 |
|a ZÁSOBOVÁNÍ VESNICKÉHO OBYVATELSTVA LÉKY V PŘEDREVOLUČNÍM RUSKU
|c J. Caletková
|
| 773 |
0 |
|
|t Farmaceutický obzor : odborný časopis Ministerstva zdravotníctva Slovenskej republiky a Slovenskej zdravotníckej univerzity v Bratislave
|g Roč. 31, č. 2 (1962), s. 73-75
|
| 954 |
|
|
|a odborná, vedecká literatúra cudzojazyčná (svetová)
|2 lita
|
| 958 |
|
|
|a OND
|
| 958 |
|
|
|a EUIPO
|
| 958 |
|
|
|a article16
|
| 999 |
|
|
|c 1891806
|d 1893736
|